| 000 | 02004njm a2200325Ia 4500 | ||
|---|---|---|---|
| 001 | G7135 | ||
| 003 | IT-RoPAU | ||
| 005 | 20220918181201.0 | ||
| 008 | 131025s9999 xx 000 0 und d | ||
| 040 | _aIT-RoPAU | ||
| 040 | _cIT-RoPAU | ||
| 041 | _aITALIANO | ||
| 999 |
_c103018 _d103018 |
||
| 999 | _bn.d. | ||
| 100 |
_aGiudici Vincenzo _933018 |
||
| 100 |
_eAutore musica _933019 |
||
| 100 |
_gCodice autore musica SPICS: 12549 _933020 |
||
| 245 | _aPasqua: canti per la messa | ||
| 250 | _a1a ed. | ||
| 260 | _aROMA | ||
| 260 |
_bAUDIOVISIVI PAOLINE _c2000 [1a Ed.:1997 - Ed. Lingua Orig.: 1997] |
||
| 300 | _aCOMPACT DISC | ||
| 300 | _c29 minuti (Testo: 12 pag.) | ||
| 500 | _aMusica religiosa, liturgica. 11 brani pasquali. Realizzazione e direzione: Antonio Parisi; violoncello: Sara Gentile; tromba: Cesare Dell'Anna; registrazione: Studio Crescendo, Bari; tecnico del suono: Mario Bernardi; Digital Mastering: Marcello Spiridioni, Video Recording, Roma; in copertina: ambone della cattedrale di Salerno;. grafica: Paola Baldo. | ||
| 505 | _aCanti per i riti inziali della messa: Oggi è risorto (Parisi-Galliano, 3:27) - Io sono risorto (Liberto-Di Simone, 3:06) - Splendore del padre (Giudici-Crivelli, 3:05) - Gloria (Giudici-Liturgia, 2:48). Canti per la liturgia della parola: Questo è il giorno (Giudici-Liturgia, 2:04) - Sequenza pasquale (Giudici-Liturgia, 2:04) - Alleluia, parola vivente (Giudici-Crivelli, 1:58) - Alleluia, Cristo nostra Pasqua (Parisi-Liturgia, 1:17) - E' la Pasqua del Signore (Parisi-Ladisa, 3:03). Altri canti: Cristo mia speranza è risorto (Giudici-Galliano, 3:02) - Alla vittima pasquale (Rainoldi-Liturgia, 4:04). | ||
| 511 | _aCoro e Voci Soliste: Maria Luisa Dituri, Nicola Amodio diretti da Antonio Parisi | ||
| 650 |
_aLITURGICO [COMPACT DISC] _eCodice MATERIA SPICS: 9949 _927069 |
||
| 700 |
_aGalliano Annamaria _eAutore testo _gCodice autore testo SPICS: 5671 _933021 |
||
| 700 |
_aParisi Antonio _eAutore _gCodice autore SPICS: 35389 _933022 |
||
| 942 |
_cCD _2ddc |
||